Practising english workbook 2013-14 / (Record no. 96470)

MARC details
000 -LEADER
fixed length control field 00539nam a22001817a 4500
005 - DATE AND TIME OF LATEST TRANSACTION
control field 20150825145804.0
010 ## - LCCN (DPL NO)
LC control number ENG-113895
020 ## - INTERNATIONAL STANDARD BOOK NUMBER
International Standard Book Number 9788125052586
Terms of availability 65.00
035 ## - SYSTEM CONTROL NUMBER
System control number EN-97427
037 ## - SOURCE OF ACQUISITION
Source of stock number/acquisition DBAD/PUB
245 ## - TITLE STATEMENT
Title Practising english workbook 2013-14 /
Statement of responsibility, etc edited by M.S.Nagaraja Rao [and] D.S. Manjunatha
260 ## - PUBLICATION, DISTRIBUTION, ETC. (IMPRINT)
Place of publication, distribution, etc Hyderabad
Name of publisher, distributor, etc Orient BlackSwan
Date of publication, distribution, etc 2013
270 ## - ADDRESS
Address 3-6-752 Himayatnagar,
City Hyderabad
Postal code 500029
300 ## - PHYSICAL DESCRIPTION
Extent 117p.
Dimensions 25cm(pbk)
700 ## - ADDED ENTRY--PERSONAL NAME
Personal name Rao, M.S. Nagaraja
700 ## - ADDED ENTRY--PERSONAL NAME
Personal name Manjunatha, D.S.
942 ## - ADDED ENTRY ELEMENTS (KOHA)
Source of classification or shelving scheme Dewey Decimal Classification
Item type English Books
Call number suffix PRA
Holdings
Withdrawn status Lost status Not for loan Collection code Home library Current library Date acquired Source of acquisition Cost, normal purchase price Full call number Barcode Copy number Cost, replacement price Koha item type
    Not For Loan Non-fiction D.B.Act.Division D.B.Act.Division 25/08/2015 DBAD/PUB 65.00 PRA EN-97427 1 65.00 English Books

© Delhi Public Library
Hit Counter
free hit counter